000 00529nam a2200181Ia 4500
005 20250326124553.0
008 250326s9999 xx 000 0 und d
037 _aTextbook
040 _aFMSL
_beng
_cFMSL
041 _aeng
_2eng
084 _aX:8 L45
_qFMSL
100 _aRobbins S P
_9308447
245 0 _aManaging organizational conflict: nontraditional approach
_cRobbins S P
260 _aNew Jersey
_bNew Jersey, Prentice-Hall
_c1974
300 _a156p
942 _cTB
_hX:8 L45
999 _c1274217
_d1274217